000 00447nam a2200169Ia 4500
008 210719s2003 xx 000 0 und d
020 _a8176491713
041 _aeng
082 _a546.076 COXI
100 _aCOX (P A)
245 _aInstant notes inorganic chemistry.
260 _aND
_bViva Books Pvt Ltd.,
_c2003
300 _avi,261
_bPB
365 _b185
_cRs
650 _aInorganic Chemistry
906 _aInorganic chemistry instant notes
999 _c213765
_d213765